000 00524nam a2200181 i 4500
001 83513
003 ES-MaACL
005 20240524062954.0
007 t|
008 041117s1971 sp ||||1| spa d
080 _a821.111(73)-34"18"
100 0 _aIrving, Washington,
_d1783-1859
_965506
245 1 0 _aCuentos de la Alhambra /
_cpor Washington Irving.
260 _aLeón :
_bEverest,
_c[1971]
300 _a316 p., 17 lám. ;
_c19 cm.
852 _aES-MaACL
_jC-41557
_bR.79539
999 _c83513
_d83513